| 000 | 00000nam##2200000za#4500 |
| 001 | 9.606579 |
| 003 | CaOODSP |
| 005 | 20210624212709 |
| 007 | cr ||||||||||| |
| 008 | 150406|2006||||xxc|||||o f|0| 0 fre|d |
| 040 | |aCaOODSP|bfre |
| 043 | |an-cn--- |
| 086 | 1 |aFs3-6/2006-04F-PDF |
| 110 | 1 |aCanada. |bMinistère des pêches et des océans. |
| 245 | 10|aMorue de l'est du banc Georges [5Zjm; 551,552,561,562] |h[ressource électronique] |
| 260 | |aOttawa - Ontario : |bPêches et Océans Canada |cJuillet 2006. |
| 300 | |a7p.|bgraphiques, carte, références, tableaux |
| 490 | 1 |aComité d'évaluation des ressources transfrontalières - rapport sur l'état des stock |v2006/04 |
| 590 | |a14-12-Supp|b2014-05-30 |
| 775 | 08|tEastern Georges Bank cod [5Zjm; 551,552,561,562] |w(CaOODSP)9.578803 |
| 830 | #0|aComité d'évaluation des ressources transfrontalières - rapport sur l'état des stock ;|v2006/04|w(CaOODSP)9.504119 |
| 856 | 40|ahttp://publications.gc.ca|qPDF|s74 Ko|uhttps://publications.gc.ca/collections/collection_2014/mpo-dfo/Fs3-6-2006-04-fra.pdf|y2006/04 |